• 首页
  • 本馆介绍
  • 公告通知
  • 最新文献
  • 馆藏检索
  • 电子资源
  • 读者导购
  • 参考咨询
  • 我的图书馆
  • 登录
  • 详细信息显示
  • 放入我的书架
  • 预约/预借图书
  • 作者相关作品
  • 分类相关作品
  • 丛书相关作品
  • 出版社相关作品

书目信息

  • 表格格式
  • 工作单格式
  • 卡片格式
题名:
爱无痕
    
 
作者: 孙翠英 主编
分册:  
出版信息: 上海   上海社会科学院出版社  2018.3
页数: 164页
开本: 23cm
丛书名:
单 册:
中图分类: G621.6
科图分类:
主题词: 德育--小学--教材
电子资源:
ISBN: 978-7-5520-2248-3
000 01230nam0 2200277 45
001 012001002309
005 20140823095500.0
010    @a978-7-5520-2248-3@dCNY38.00
099    @aCAL 012018086624
100    @a20180704d2018 em y0chiy0110 ea
101 0  @achi
102    @aCN@b310000
105    @aa z 000yy
106    @ar
200 1  @a爱无痕@Aai wu hen@e学科融合德育主题教育活动@f孙翠英主编
210    @a上海@c上海社会科学院出版社@d2018.3
215    @a164页@c图@d23cm
300    @a上海市金山区朱泾第二小学校本教材
300    @a其他题名:学科融合德育主题教育活动
330    @a本书是上海市金山区朱泾第二小学德育主题教育活动的校本教材。作为德育主题教育活动课程的载体,《爱无痕》紧扣上海市普通中小学课程方案,落实教育部关于社会主义核心价值观进教材、进课程、进课堂的要求,以社会主义核心价值观的“爱国”“敬业”“诚信”“友善”四个维度为主轴,通过六个年级的不同主题教育活动,使学生在系列化和具体化的爱心活动中,传承并诠释“为每一个学生的幸福人生奠基”的办学理念,追求“让每一个学生都具有成就幸福人生的基础素养”。
517 1  @a学科融合德育主题教育活动
606 0  @a德育@x小学@j教材
690    @aG621.6@v5
701  0 @a孙翠英@Asun cui ying@4主编
801    @aCN@bAHXH@c20210922
905    @b1281558-62@dG621.6@e1847@f5
    
    爱无痕:学科融合德育主题教育活动/孙翠英主编.-上海:上海社会科学院出版社,2018.3
    164页:图;23cm
    上海市金山区朱泾第二小学校本教材.-其他题名:学科融合德育主题教育活动
    
    ISBN 978-7-5520-2248-3:CNY38.00
    本书是上海市金山区朱泾第二小学德育主题教育活动的校本教材。作为德育主题教育活动课程的载体,《爱无痕》紧扣上海市普通中小学课程方案,落实教育部关于社会主义核心价值观进教材、进课程、进课堂的要求,以社会主义核心价值观的“爱国”“敬业”“诚信”“友善”四个维度为主轴,通过六个年级的不同主题教育活动,使学生在系列化和具体化的爱心活动中,传承并诠释“为每一个学生的幸福人生奠基”的办学理念,追求“让每一个学生都具有成就幸福人生的基础素养”。
●
相关链接 在E读中查询图书 在五车中查询图书 在当当中查询图书 在豆瓣中查询图书


正题名:爱无痕     索取号:G621.6/1847         预约/预借

序号 登录号 条形码 馆藏地/架位号 状态 备注
1 1281558   212815587   第一样本阅览室/ [索取号:G621.6/1847] 在馆    
2 1281559   212815596   教育系资料室/ [索取号:G621.6/1847] 在馆    
3 1281560   212815603   教育系资料室/ [索取号:G621.6/1847] 在馆    
4 1281561   212815612   第四借阅区/ [索取号:G621.6/1847] 在馆    
5 1281562   212815621   第四借阅区/ [索取号:G621.6/1847] 在馆    
唐山师范学院图书馆 欢迎您!
大连网信软件有限公司© 版权所有